LDR 01253naa#a2200205#i#450# 001 RU\\bibl\126708 005 20260630001455.2 011 ## _a2223-9987 100 ## _a20260629b2026####ek#y0rusy0150####ca 102 ## _aRU 200 1# _aСокращение транспортных расходов на доставку рельсовых плетей за счет внедрения промежуточных складов _eЖурнальная статья 210 1# _aСанкт-Петербург _cФГБОУ ВО "Петербургский государственный университет путей сообщения Императора Александра I" _d2026 215 ## _a14 с. 608 ## _aЖурнальная статья _2local 675 ## _aРаботы по укладке пути. Разбивка трассы. Пикетаж. Балластировка. Гнутье рельсов. Подбивка шпал и т.д.. 625.144.4 _z 700 #1 _aПакулина _gЕлена Вячеславовна 700 #1 _aМигров _gАлександр Алексеевич 700 #1 _aПерепеченов _gАлександр Маркович 700 #1 _aНовосельский _gИгорь Юрьевич 856 4# _aatjournal.ru _u